Шест жени [видео DVD] (Запис номер 223483)
[ съкратено ]
| 000 -Лидер | |
|---|---|
| Контролно поле с фиксирана дължина | 03272ngm a2200661 a 4500 |
| 003 - Код на организацията, давaща контролен номер | |
| Контролно поле | BLK |
| 005 - Дата и час на последна редакция | |
| Контролно поле | 20240528150024.0 |
| 008 - Елементи от данни с фиксирана дължина | |
| fixed length control field | 180410b bul||n||s|||||||| m|bulo| |
| 010 ## - Наследен системен номер | |
| LC control number | CDD00005210000 |
| 040 ## - Източник на каталожния запис | |
| Идентификатор на билиотеката - собственик на записа | BLK |
| 041 ## - Код за език | |
| Код за езика на текст/звукозапис или на отделно заглавие | Български |
| Код за езика КДБФ | Български |
| 072 #7 - Код за тематичната категория | |
| Код организация | bullib |
| Код за тематична категория | Ф0602 |
| Текст | Документални филми Ф |
| 072 #7 - Код за тематичната категория | |
| Код организация | bullib |
| Код за тематична категория | К |
| Текст | Краезнание |
| 080 ## - УДК | |
| Текстов определител УДК | Отрицателното отношение на населението към държавата. Несъгласие. Съпротива. Бунт. Вж и 329.73 |
| УДК код - определител по УДК | 323.22 |
| УДК определител | :504.3.054(497.215)(086.8) |
| УДК - код + определител | 323.22:504.3.054(497.215)(086.8) |
| 080 ## - УДК | |
| Текстов определител УДК | Замърсяване на въздуха |
| УДК код - определител по УДК | 504.3.054 |
| УДК определител | (497.215)(086.8) |
| УДК - код + определител | 504.3.054(497.215)(086.8) |
| 080 ## - УДК | |
| Текстов определител УДК | Жената и политиката. Женско движение - Женски организации. Международен ден на жената. Участие на жените в обществено-политическия живот |
| УДК код - определител по УДК | 396.9 |
| УДК определител | (497.215)(092)(086.8) |
| УДК - код + определител | 396.9(497.215)(092)(086.8) |
| 080 ## - УДК | |
| Текстов определител УДК | Филмова информация. Кинохроники |
| УДК код - определител по УДК | 791.43-92 |
| УДК - код + определител | 791.43-92 |
| 080 ## - УДК | |
| Текстов определител УДК | Биографии |
| УДК код - определител по УДК | 929 |
| УДК определител | (497.215) |
| УДК - код + определител | 929(497.215) |
| 139 ## - Редно поле | |
| Редна дума | Шест жени [видео DVD] |
| Авторски знак | Шес - Ш 58 |
| 245 10 - Сведения за заглавието | |
| Заглавие | Шест жени [видео DVD] |
| Редно поле (дума) | сценарист Детелина Каменова; сценарист Веселина Йорданова Антонова; режисьор Владимир Кондов; оператор Никола Тодоров. |
| 257 ## - Страна на издаване | |
| Страна на създаване/издаване | България |
| 260 ## - Област на издателските данни | |
| Име на издателя, разпространителя и проч. | Регион. телевизионен център |
| Година на издаване | [2008] |
| Място на издаване, разпространение и проч. | Русе |
| 300 ## - Физическа характеристика | |
| Страници | ( 1,73 GB) |
| Размери/Мащаб | 12 см |
| 380 ## - Жанр | |
| Жанр | Изкуство |
| 490 ## - СЕРИИ (Колекции) | |
| Име на серия | Опознайте историята и забележителностите на родния край с филмите на РТВЦ - Русе |
| 500 ## - Общи забележки | |
| Забележка | Дигитално изд. |
| 650 #4 - Допълнително описание по предмет – тема | |
| Основно описание – тема или топоним | Русе - екологични проблеми |
| 9 (RLIN) | 292757 |
| 650 #4 - Допълнително описание по предмет – тема | |
| Основно описание – тема или топоним | Жени - участие в обществено-политическия живот |
| 9 (RLIN) | 278796 |
| 650 #4 - Допълнително описание по предмет – тема | |
| Основно описание – тема или топоним | Жени - Русе |
| 9 (RLIN) | 354996 |
| 651 #4 - Допълнително описание по предмет - топоним | |
| Географско понятие | Русе |
| 9 (RLIN) | 179462 |
| 653 ## - Ключова дума – ненормативна | |
| Ключова дума | обгазяване |
| 653 ## - Ключова дума – ненормативна | |
| Ключова дума | хлор |
| 653 ## - Ключова дума – ненормативна | |
| Ключова дума | екопротести |
| 653 ## - Ключова дума – ненормативна | |
| Ключова дума | жени |
| 653 ## - Ключова дума – ненормативна | |
| Ключова дума | българска история |
| 653 ## - Ключова дума – ненормативна | |
| Ключова дума | Цонка Букурова |
| 653 ## - Ключова дума – ненормативна | |
| Ключова дума | Вяра Георгиева |
| 653 ## - Ключова дума – ненормативна | |
| Ключова дума | Дора Бобева |
| 653 ## - Ключова дума – ненормативна | |
| Ключова дума | Стефка Монова |
| 653 ## - Ключова дума – ненормативна | |
| Ключова дума | Евгения Желева |
| 653 ## - Ключова дума – ненормативна | |
| Ключова дума | Албена Велкова |
| 659 ## - Тематичен бюлетин | |
| Тематичен бюлетин | К |
| 659 ## - Тематичен бюлетин | |
| Тематичен бюлетин | Ф |
| 700 1# - Други автори (авторска отговорност) | |
| Лично име | Каменова, Детелина |
| Автороска отговорност (Описва отношението между автора и произведението) | сценарист |
| 9 (RLIN) | 387878 |
| 700 1# - Други автори (авторска отговорност) | |
| Лично име | Антонова, Веселина Йорданова |
| Автороска отговорност (Описва отношението между автора и произведението) | сценарист |
| 9 (RLIN) | 365633 |
| 700 1# - Други автори (авторска отговорност) | |
| Лично име | Кондов, Владимир |
| Автороска отговорност (Описва отношението между автора и произведението) | режисьор |
| 9 (RLIN) | 354995 |
| 700 1# - Други автори (авторска отговорност) | |
| Лично име | Тодоров, Никола |
| Автороска отговорност (Описва отношението между автора и произведението) | оператор |
| 9 (RLIN) | 382699 |
| 852 ## - Местоположение | |
| Форматна сигнатура | Цб CD 3003 |
| Част | 0 |
| 852 ## - Местоположение | |
| Форматна сигнатура | К 32/Ш 58 |
| 856 4# - Електронен адрес и достъп | |
| Електронен формат | pdf - файл |
| Път до файла /url/ | |
| 856 4# - Електронен адрес и достъп | |
| Електронен формат | pdf - файл |
| Път до файла /url/ | |
| 942 ## - АРТИКУЛИ | |
| Вид на библиотечния материал | Компактдискове |
| Скрит в OPAC | Не |
| Периодичен библиозапис | Да |
| 944 ## - СЪЗДАВАНЕ И РЕДАКЦИЯ на ЗАПИСА | |
| Създаване/Редакция | Създаване |
| Дата на регистрацията/редакция | 19.10.2011 |
| Служител, извършил регистрацията/редакцията | 30553 |
| Статус, дата на статуса | Иваничка Йорданова |
| 944 ## - СЪЗДАВАНЕ И РЕДАКЦИЯ на ЗАПИСА | |
| Създаване/Редакция | Редакция |
| Дата на регистрацията/редакция | 19.09.2013 |
| 999 ## - СИСТЕМНИ КОНТРОЛНИ НОМЕРА | |
| Koha biblionumber | 223483 |
| Koha biblioitemnumber | 223483 |
| 999 ## - СИСТЕМНИ КОНТРОЛНИ НОМЕРА | |
| Koha biblioitemnumber | 223483 |
| 999 ## - СИСТЕМНИ КОНТРОЛНИ НОМЕРА | |
| Koha biblioitemnumber | 223483 |
| 999 ## - СИСТЕМНИ КОНТРОЛНИ НОМЕРА | |
| Koha biblioitemnumber | 223483 |
| Код за отписване | Код за изгубен артикул | Източник на класификационната схема | Код за повреда | Коз за рестрикции | Код за отдаване | Артикулен № | Име на библиотеката - собственик | Име на библиотеката, в която се намира в момента | Статус (Текущо местоположение) | Дата на вписване в системата | Местоположение - отдел | Цена в лева | Инвентарен номер | Систематично азбучна сигнатура | Баркод | Номер на екземпляра | Цена в евро | Служебна бележка | Служебен тип на артикула |
|---|---|---|---|---|---|---|---|---|---|---|---|---|---|---|---|---|---|---|---|
| Не е изгубен | Universal Decimal Classification | Не е повреден | без рестрикции | заемане за дома | 395516 | Регионална библиотека "Любен Каравелов" Русе | Регионална библиотека "Любен Каравелов" Русе | Отдел Изкуство - подръчен фонд | 2011-10-19 | Отдел Изкуство - подръчен фонд | 10.00 | 250000004745 | 791.229/Ш 58 | 250000004745 | 1 | 5.11 | Дост: DA Вид: А N: 16 Дата: 19.10.2011 Съставил: Валя_Йорданова | Компактдискове | |
| Не е изгубен | Universal Decimal Classification | Не е повреден | без рестрикции | ползва се в читалня | 395517 | Регионална библиотека "Любен Каравелов" Русе | Регионална библиотека "Любен Каравелов" Русе | Краезнание | 2011-10-19 | Краезнание | 10.00 | 250000004746 | К 32/Ш 58 | 250000004746 | 2 | 5.11 | Дост: DA Вид: А N: 16 Дата: 19.10.2011 Съставил: Валя_Йорданова | Компактдискове |